000 00549nam a2200217 a 4500
001 BS0001879
003 BR-BrBNA
005 20231027141138.0
008 230308b |||||||| |||| 00| 0 por d
040 _aBR-BrBNA
_bpor
_cBiblioteca Nacional de Agricultura
041 _apor
072 _aS89
090 _aS89
_bBS0001879
100 1 _aPellegrini, Domingos.
245 1 _aAs batalhas do castelo /
250 1 _a6 ed.
260 3 _aSão Paulo, SP:
_bModerna,
_c1989.
300 _a123 p.
650 _aLITERATURA BRASILEIRA
942 _cBK
_2AGRIS
999 _c6939
_d6939